| 000 | 00000nas 2200000za 4500 |
| 001 | 9.866638 |
| 003 | CaOODSP |
| 005 | 20221107162110 |
| 007 | cr ||||||||||| |
| 008 | 190104d19341935oncar p oss f0###a0eng| |
| 040 | |aCaOODSP|beng |
| 043 | |an-cn--- |
| 086 | 1 |aCS32-D-26E-PDF |
| 245 | 00|aFlour mills and grist mills in Canada, with capacities of flour mills |h[electronic resource]. |
| 246 | 16|aFlour and grist mills in Canada, with capacities |
| 260 | |aOttawa : |bDominion Bureau of Statistics, Agricultural Branch, |c1934-1935. |
| 310 | |aAnnual |
| 362 | 1 |aBegan with 1934; ceased with 1935. |
| 500 | |aDigitized edition from print [produced by Statistics Canada]. |
| 500 | |aTitle from cover. |
| 515 | |aIssue for 1933 not published. |
| 692 | 07|2gccst|aFood processing |
| 710 | 1 |aCanada. |bDominion Bureau of Statistics. |
| 780 | 00|tList of the flour & grist mills in Canada |w(CaOODSP)9.866635 |
| 785 | 00|tLocation and capacity of flour and feed mills in Canada |w(CaOODSP)9.866641 |